[Event "Bamberg op-B 5th"]
[Site "Bamberg"]
[Date "2023.07.29"]
[Round "5"]
[White "Wagner, Alexander1111"]
[Black "Roehr, Susanne"]
[Result "1-0"]
[WhiteElo "1492"]
[BlackElo "1649"]
[PlyCount "33"]
[EventDate "2023.07.26"]
[EventType "swiss"]
[EventRounds "7"]
[EventCountry "GER"]
[SourceTitle "CBM 215 Extra"]
[Source "ChessBase"]
[SourceDate "2023.09.30"]
[SourceVersion "1"]
[SourceVersionDate "2023.09.30"]
[SourceQuality "1"]

1. Nf3 d5 2. c4 c6 3. g3 Nf6 4. Bg2 Bf5 5. cxd5 cxd5 6. Qb3 Qc7 7. Nc3 e6 8. d3 a6 9. Bf4 Qc8 10. Na4 Nfd7 11. Rc1 Nc6 12. 0-0 b5 13. Nc3 Qb7 14. Nxd5 e5 15. Nxe5 Nc5 16. Qc3 Rc8 17. Nxc6 1-0

[Event "Bremen Silvester op-B"]
[Site "Bremen"]
[Date "2022.12.30"]
[Round "7"]
[White "Roehr, Susanne"]
[Black "Rick, Niklas Corvin"]
[Result "1/2-1/2"]
[WhiteElo "1652"]
[BlackElo "1620"]
[PlyCount "21"]
[EventDate "2022.12.27"]
[EventType "swiss"]
[EventRounds "7"]
[EventCountry "GER"]
[SourceTitle "CBM 211 Extra"]
[Source "ChessBase"]
[SourceDate "2023.01.31"]
[SourceVersion "1"]
[SourceVersionDate "2023.01.31"]
[SourceQuality "1"]

1. e4 c5 2. Nf3 d6 3. d4 cxd4 4. Nxd4 Nf6 5. Nc3 a6 6. Bc4 e6 7. 0-0 Be7 8. f4 0-0 9. f5 e5 10. Nde2 b5 11. Bd3 1/2-1/2

[Event "Bremen Silvester op-B"]
[Site "Bremen"]
[Date "2022.12.27"]
[Round "2"]
[White "Schinner, Alexander"]
[Black "Roehr, Susanne"]
[Result "1/2-1/2"]
[WhiteElo "1439"]
[BlackElo "1652"]
[PlyCount "83"]
[EventDate "2022.12.27"]
[EventType "swiss"]
[EventRounds "7"]
[EventCountry "GER"]
[SourceTitle "CBM 211 Extra"]
[Source "ChessBase"]
[SourceDate "2023.01.31"]
[SourceVersion "1"]
[SourceVersionDate "2023.01.31"]
[SourceQuality "1"]

1. Nc3 Nf6 2. e4 e5 3. f4 d6 4. Nf3 Nc6 5. Bb5 exf4 6. d4 Bd7 7. Bxf4 a6 8. Bd3 Be7 9. Qd2 Nb4 10. 0-0-0 Nxd3+ 11. Qxd3 Nh5 12. Bd2 Bg4 13. h3 Be6 14. g4 Nf6 15. Qe2 b5 16. d5 Bd7 17. e5 dxe5 18. Nxe5 0-0 19. Rde1 Bd6 20. Nxd7 Nxd7 21. Ne4 Re8 22. Qf2 Rf8 23. Nxd6 cxd6 24. Rhf1 Nb6 25. Qd4 Nc4 26. Bc3 Qg5+ 27. Kb1 Rfe8 28. Rxe8+ Rxe8 29. h4 Qe5 30. Qa7 Re7 31. Qa8+ Re8 32. Qc6 Qe2 33. Rc1 a5 34. a3 Rf8 35. Re1 Qxg4 36. Qxb5 Qc8 37. Re4 Nxa3+ 38. bxa3 Qxc3 39. Ra4 Qe1+ 40. Kb2 Qe5+ 41. Kb1 Qc3 42. Qxa5 1/2-1/2

[Event "Rostock SSC op 16th"]
[Site "Rostock"]
[Date "2017.07.26"]
[Round "2"]
[White "Roehr, Susanne"]
[Black "Seichter, Andreas"]
[Result "0-1"]
[WhiteElo "1615"]
[BlackElo "1768"]
[PlyCount "94"]
[EventDate "2017.07.26"]
[EventType "swiss"]
[EventRounds "7"]
[EventCountry "GER"]
[SourceTitle "EXT 2018"]
[Source "ChessBase"]
[SourceDate "2017.10.13"]
[SourceVersion "1"]
[SourceVersionDate "2017.10.13"]
[SourceQuality "1"]

1. d4 d5 2. Nf3 Nf6 3. e3 e6 4. Bd3 Be7 5. b3 0-0 6. Bb2 b6 7. Nbd2 Bb7 8. 0-0 Nbd7 9. Rc1 c5 10. c4 cxd4 11. Nxd4 Nc5 12. Bb1 dxc4 13. bxc4 Qc7 14. Qc2 g6 15. Rcd1 Rad8 16. Rfe1 e5 17. N4f3 Nd3 18. Rf1 Nxb2 19. Qxb2 e4 20. Nd4 Rfe8 21. Nb5 Qb8 22. h3 a6 23. Nc3 Bc5 24. Ne2 Nd7 25. Ng3 f5 26. Nb3 Bd6 27. Ne2 Nc5 28. Bc2 Be5 29. Nbd4 Qc7 30. Qb1 Rd6 31. Bb3 Red8 32. Qc2 Kg7 33. Rd2 Kf6 34. Rfd1 g5 35. f4 gxf4 36. exf4 Bxd4+ 37. Rxd4 Rxd4 38. Rxd4 Rxd4 39. Qc3 Ne6 40. Nxd4 Qc5 41. Qg3 Qxd4+ 42. Kh2 Kf7 43. Qh4 Qg7 44. Qf2 e3 45. Qc2 Be4 46. Qe2 Nxf4 47. c5+ Ke7 0-1

[Event "Rostock SSC op 14th"]
[Site "Rostock"]
[Date "2015.07.29"]
[Round "1.26"]
[White "Roehr, Susanne"]
[Black "Menkhaus, Wolf Dieter"]
[Result "0-1"]
[WhiteElo "1508"]
[BlackElo "1905"]
[PlyCount "58"]
[EventDate "2015.07.29"]
[EventType "swiss"]
[EventRounds "7"]
[EventCountry "GER"]
[SourceTitle "EXT 2019"]
[Source "ChessBase"]
[SourceDate "2018.10.10"]
[SourceVersion "1"]
[SourceVersionDate "2018.10.10"]
[SourceQuality "1"]

1. d4 Nf6 2. Nf3 c5 3. c3 e6 4. Bg5 Nc6 5. e3 d5 6. Nbd2 cxd4 7. exd4 Be7 8. Bd3 0-0 9. Qc2 h6 10. Bf4 Nh5 11. Bg3 Bd7 12. 0-0-0 Rc8 13. Qb3 Na5 14. Qc2 b5 15. Be2 b4 16. Nb1 Qb6 17. Nfd2 bxc3 18. Nxc3 Bb4 19. Ndb1 Nf6 20. f3 Nc4 21. Bxc4 Rxc4 22. Bf2 Rfc8 23. Rd3 Qa5 24. Be1 Qxa2 25. Qf2 Qa1 26. Bd2 Ba4 27. Qg3 Ne8 28. f4 Bd6 29. Rf3 Rb8 0-1